000 00659cam a22002293a 4500
001 29486
003 PGUSA
005 20140828083634.0
008 090722s2009||||xxu|||||s|||||000 1 eng d
040 _aPGUSA
_beng
042 _adc
050 4 _aPS
100 1 _aMajor, Charles,
_d1856-1913
245 1 2 _aA Forest Hearth :
_bA Romance of Indiana in the Thirties
_h[electronic resource] /
_cCharles Major
260 _bProject Gutenberg,
_c2009
506 _aPublic domain in the USA.
516 _aElectronic text
653 _aIndiana -- Fiction
830 0 _aProject Gutenberg
_v29486
856 4 0 _uhttp://www.gutenberg.org/ebooks/29486
942 _cEB
999 _c258741
_d258741